000 00634nam a2200241Ia 4500
001 29810
005 20240114001149.0
007 ta
008 060705s369 g b000 u 346 u
040 _aCotton College,Assam
041 _a346
082 _a891.443
_bB 223 D
100 _aBandopadhya, Swaraj .
245 0 _aDupur Gadiye Bikel /
_cSwaraj Bandopadhya.
_hTextual Documents
250 _a1st ed. /
260 _aCalcutta :
_bClassic Prem ,
_c1369 (Bangabda).
300 _a336p. ;
_c22cm.
653 _aBengali Fiction
653 _aG-Bengali
942 _2ddc
_cBK
999 _c29792
_d29792